| 000 | 00926nam a22002417a 4500 | ||
|---|---|---|---|
| 005 | 20240530110344.0 | ||
| 008 | 141126s2009 ua b grb 000 0 ara d | ||
| 040 | _aEG-CaGPL | ||
| 041 | 0 | _aara | |
| 082 | 0 | 4 |
_221 _a956.524\ _bك ل |
| 100 | 0 | _aكميل عزيز | |
| 245 | 1 |
_aلاذقية الشام ودورها فى العصر الاسلامى ( 1095 -1291 م / 488 -690 هـ ) / _cكميل عزيز |
|
| 250 | _aط1 | ||
| 260 |
_aالاسكندرية : _bدار المعرفة الجامعية ، _c2009 |
||
| 300 |
_a306 ص : _bخرائط ؛ _c24 سم |
||
| 504 | _aببليوجرافية ص : 283 -306 | ||
| 650 |
_aالحروب الصليبية _xتاريخ |
||
| 651 | 0 | 4 |
_aاللاذقية _xتاريخ _zسوريا |
| 651 | 0 | 4 |
_aسوريا _xتاريخ _yالعصر الاسلامى |
| 651 | 0 | 4 |
_aاللاذقية _xجغرافيا _zسوريا |
| 942 |
_2ddc _cBK |
||
| 999 |
_c59939 _d59939 |
||